Literatura viva: Castellano 1er año medio

Guardat en:
Dades bibliogràfiques
Autors principals: Scarpa, Roque Esteban (Autor), Aguilera Gajardo, Francisco (Autor)
Altres autors: Matus Olivier, Alfredo (autor)
Format: Llibre
Idioma:espanyol
Publicat: Santiago Universitaria 1979
Matèries:
Etiquetes: Afegir etiqueta
Sense etiquetes, Sigues el primer a etiquetar aquest registre!

MARC

LEADER 00000nam a2200000 a 4500
001 UCM2440
003 CL-VaPUC
008 020510e19790000CL |||||||||||||||||spa|d
082 0 4 |a 808.00712  |b SCA  |2 21 
100 0 |a Scarpa, Roque Esteban  |e author  |9 368404 
700 0 |a Aguilera Gajardo, Francisco  |e author  |9 469194 
700 |a Matus Olivier, Alfredo  |e autor  |9 415225 
245 1 0 |a Literatura viva: Castellano 1er año medio 
300 |a 277 p 
942 |c BK 
945 |d 20020510 00:00:00  |a cmena 
260 |a Santiago  |b Universitaria  |c 1979 
650 0 |a Retórica   |9 266620 
650 0 |a Literatura española  |9 306261 
650 0 |a Análisis del discurso  |9 256696 
650 0 |a Estilos literarios  |9 310538 
650 7 |a ROMANCE ESPÑAOL  |2 CL-VaPUC  |9 469195 
650 7 |a NOVELA ESPAÑOLA  |2 CL-VaPUC  |9 313139 
650 0 |a Teatro español  |9 265077 
583 |a last modification  |c 20020510 00:00:00  |k Rodrigo Vera 
999 |c 300285  |d 300283 
952 |0 0  |1 0  |4 0  |6 808_007120000000000_SCA_1979  |7 0  |8 A  |9 357866  |a BIBEDU  |b BIBEDU  |d 2019-11-21  |i 3812014  |o 808.00712 SCA 1979  |p 3812014  |r 2019-11-21  |w 2019-11-21  |y BK  |k LIT